000 01795nac a2200241 a 4500
003 CO-PeBPM
005 20250929192223.0
008 250929s2011 ck |||| |||| 00| 0 spa d
020 _a9789585730403
040 _aCO-PeBPM
_bspa
_cCO-PeBPM
_erda
041 _aspa
082 0 4 _aCo864 H659v
_222
100 1 _aHincapié Montoya, Uriel
_eautor
245 1 0 _aVuelve el río a su cauce
_b: Un diccionario
_c/ Uriel Hincapié Montoya.
260 _aBogotá, Colombia
_b: Colegio Nacional de Defensores Públicos de Colombia
_c, 2011
300 _a153 páginas
_c21 centímetros
500 _aIncluye índice
500 _aContiene datos biográficos del autor
520 _aEsta obra rompe toda retórica y convencionalismo. Es ruptura con supersticiones y fanatismos. Contiene inquietudes apremiantes: los temas que día a día nos persiguen. Es una visión de la realidad: la realidad del mundo en que vivimos. Deliberadamente me pongo fuera del círculo de los actos humanos ordinarios para convertirme en un espectador de lo que sucede e interpretar a mi manera los acontecimientos. Busco una comprensión existencial de los hechos e intento una explicación de la sicología humana cuando sucumbe en la domesticación y condicionamiento. El libro trata la especulación como tal. El relato, el ensayo la crítica, según su naturaleza. La vida y sus circunstancias, es el punto de partida común. El arte con su poder creador es considerado como una comprensión emocional. Intento ir del centro a la periferia o de la periferia al centro valiéndome de ideas o imágenes con el ánimo de analizar o sintetizar. Emprendo una aventura espiritual. También, una aventura literaria...
650 1 4 _aLiteratura colombiana
_2LEMB
650 1 4 _aEnsayos colombianos
_2LEMB
942 _2ddc
_cBK
_n0
999 _c61277
_d61277